Normal view
MARC view
- بني ياسين، ايمان مجدي صالح
Entry Personal Name
001 - CONTROL NUMBER
- control field: 66940
003 - CONTROL NUMBER IDENTIFIER
- control field: JO-AjAnu
005 - DATE AND TIME OF LATEST TRANSACTION
- control field: 20260418083625.0
008 - FIXED-LENGTH DATA ELEMENTS
- fixed length control field: 260418|| aca||aabn | a|a d
040 ## - CATALOGING SOURCE
- Original cataloging agency: JO-AjAnu
100 ## - HEADING--PERSONAL NAME
- Personal name: بني ياسين، ايمان مجدي صالح
- Relator term: معد